| 000 | 02392nam a2200385 ia4500 | ||
|---|---|---|---|
| 003 | OSt | ||
| 005 | 20251224155737.0 | ||
| 008 | 251224s2025 my a cr6 000 1 may d | ||
| 020 |
_a9789670078717 _cRM 15.00 _qpaperback |
||
| 040 |
_aPPAK _beng _cPPAK _erda |
||
| 082 | 0 | 4 |
_223 _a741.5959522 |
| 090 | 0 | 0 |
_a741.5959522 _bSHA _dK |
| 100 | 0 |
_aShakila Che Dahalan, _eauthor. |
|
| 245 | 1 | 0 |
_aRENTAP : _bPAHLAWAN IBAN YANG MENGGEMPARKAN PENJAJAH. _n1 / _cDR. SHAKILA CHE DAHALAN, PROF DR. KHAIRI BIN ARIFFIN, DR YUNUS BIN SAUMAN @ SABIN, DR. AHMAD FARHAN BIN ABDULLAH @ ZAKARIA, NURSILA ABDUL ; PANEL UNIVERSITI PEND. SULTAN IDRIS (UPSI) |
| 264 | 1 |
_aBatu Caves, Selangor : _bMust Read Sdn Bhd., _c[2025] |
|
| 300 |
_a96 pages : _bcolour illustrations ; _c21 cm |
||
| 336 |
_atext _2rdacontent |
||
| 337 |
_aunmediated _2rdamedia |
||
| 338 |
_avolume _2rdacarrier |
||
| 490 | 1 |
_aKOMIK RENTAP _v1 |
|
| 504 | _aIncludes bibliographical references pages | ||
| 520 | _aRentap, pahlawan Iban muncul tatkala Sarawak mula dicengkam oleh kuasa asing. Rentap mengetuai perjuangan tanpa henti menentang kekuasaan penjajah James Brooke yang rakus ingin menakluk bumi Sarawak. Kemarahan penduduk tempatan memuncak apabila pelbagai pembaharuan diperkenalkan oleh Brooke. Bukan hanya melantik pegawai British dalam pemerintahan, malah melanggar tradisi masyarakat Iban serta menghapuskan penempatan mereka di Skrang dan Saribas. Dengan kebijaksanaan merancang strategi perang gerila dan keberaniannya yang luar biasa, Rentap dan para pengikutnya menggerunkan tentera Brooke yang lengkap bersenjata moden. Komik Rentap 1 memuatkan konflik antara maruah bangsa dan kejamnya peperangan terus menguji kecekalan hati Rentap. | ||
| 650 | 1 | 0 |
_aComic books, strips, etc. _zMalaysia |
| 650 | 2 | 0 |
_aHistorical fiction, Malay _vComic books, strips, etc. |
| 650 | 2 | 0 |
_aNationalists _zSarawak _zMalaysia _vComic books, strips, etc. |
| 650 | 2 | 0 |
_aHeroes _zSarawak _zMalaysia _xHistory _vComic books, strips, etc. |
| 651 | 0 |
_aMalaysia _xHistory _vComic books, strips, etc. |
|
| 700 | 0 |
_aKhairi Bin Ariffin, _cProf Dr., _eauthor. |
|
| 700 | 0 |
_aYunus Bin Sauman @ Sabin, _cDr., _eauthor. |
|
| 700 | 0 |
_aAhmad Bin Abdullah @ Zakaria, _cDr., _eauthor. |
|
| 700 | 0 |
_aNursila Abdul, _eauthor. |
|
| 710 | 2 |
_aUPSI (Universiti Pendidikan Sultan Idris, _eeditor. |
|
| 830 | 0 |
_aKomik Rentap _v1 |
|
| 942 |
_2ddc _cB |
||
| 999 |
_c202427 _d202427 |
||